| 000 | 01681nam0a2200361 i 4500 | ||
|---|---|---|---|
| 001 | RU\NLR\BIBL_A\010707395 | ||
| 005 | 20260408201327.0 | ||
| 010 |
_a9785790417375 _9100 |
||
| 021 |
_aRU _b2015-6825 _9427 |
||
| 035 | _a(NILC)RuMoRGB-007862679 | ||
| 035 | _a(NLR Aleph) 010707395 | ||
| 090 |
_a9752711 _c9752711 |
||
| 100 | _a20150326d2014 km y0rusy50 ca | ||
| 101 | 0 | _arus | |
| 102 | _aRU | ||
| 105 | _aa|||z|||000zy | ||
| 200 | 1 |
_aКраудсорсинг как инструмент совершенствования организации, государства и общества _eмонография _fР. А. Долженко _gМ-во образования и науки РФ, Алтайский гос. ун-т |
|
| 210 |
_aБарнаул _cИзд-во Алтайского государственного университета _d2014 |
||
| 215 |
_a132 с. _cил. _d21 |
||
| 320 | _aБиблиогр.: с. 130-132 (34 назв.) | ||
| 601 | 0 | 2 |
_aСберегательный банк Российской Федерации _92466478 _3RU\NLR\AUTH\661465217 |
| 606 | 1 |
_aПредпринимательство _xИнтеллектуальные системы _92551916 _3RU\NLR\AUTH\661509989 |
|
| 606 |
_aПредпринимательство _xИнформационные ресурсы _92168769 _3RU\NLR\AUTH\661304738 |
||
| 610 | 0 | _aкраудсорсинг | |
| 686 | 1 | _aУ26(2)216(2Р) | |
| 686 | 1 | _aУ010.66в6 | |
| 686 | 1 | _aУ5-13в612 | |
| 700 | 1 |
_aДолженко _bР. А. _gРуслан Алексеевич |
|
| 801 | 0 |
_aRU _bРГБ _c20150209 _gRCR |
|
| 942 | _cBOOK | ||
| 980 | _aNBR | ||